000 00434cam a2200145u 4500
082 _a512.9220212
_bCAS
_cD
100 1 _aCastle, Frank,
_938832
245 0 0 _aFive-figure logarithmic and other tables,
260 _aToronto,
_bThe Macmillan company of Canada limited,
_c1942.
300 _a2 p.
_bl., 64 p.
_c21 x 17 cm.
526 _a0
_b0
_c0
_d512_922021200000000_CAS
650 0 _aMathematics
650 0 _aMCE
_9379
942 _2ddc
_cBK
999 _c543702
_d543702